000 01150nam a2200277 a 4500
001 BRCA_8508
003 FranzMayer
005 20230724105613.0
008 290616s1764----sp-#######---#000-0#spa-#
040 _aMFM
_besp
_cMFM
041 _aspa
044 _asp
084 _aBE13
_b.P37 1764
245 1 0 _aPastoral de nuestro santísimo padre Benedicto XIV
_bde gloriosa memoria, siendo Cardenal Arzobispo de la Santa Iglesia de Bolonia ; e instrucciones eclesiásticas para su diócesi
_ctraducidas del toscano por el Fr. Juan Facundo Raulin.
260 _aMadrid
_bPor Joachin Ibarra
_c1764
300 _a[14], 472 p. (t.2, 3a impresión)
_c21 x 15 cm.
500 _aEstado físico : cintas rotas y ciertas hojas manchadas
500 _aVer también : BE3 (tomo 2, 1769), BE5 (tomo 1, 1790) y BE93 (tomo 2, 1769)
500 _aLibro en sala de exhibiciones artes decorativas 1, dentro del Museo Franz Mayer
600 1 4 _aBenedicto XIV
_cPapa
_d1675-1758
_921337
650 1 4 _aIglesia católica
_xDisciplina
_9463
651 4 _aBolonia (Arquidiócesis)
_921338
700 1 _aFacundo Raulin, Juan
_etr.
_921339
902 _aCFM
942 _2lcc
_cB
999 _c8174
_d8174